Normal view
MARC view
Entry Personal Name
001 - CONTROL NUMBER
- control field: 21894
003 - CONTROL NUMBER IDENTIFIER
- control field: OSt
005 - DATE AND TIME OF LATEST TRANSACTION
- control field: 20151222132606.0
008 - FIXED-LENGTH DATA ELEMENTS
- fixed length control field: 151222|| aca||aabn | a|a d
040 ## - CATALOGING SOURCE
- Original cataloging agency: OSt
- Transcribing agency: OSt
100 ## - HEADING--PERSONAL NAME
- Personal name: Ralhan, O P
670 ## - SOURCE DATA FOUND
- Source citation: Work cat.: (OSt)40861: Ralhan, O P, Jawaharlal Nehru Abroad, 1983









